000 03119nam0a22004691 4500
001 RU\NLR\A1\25189
005 20251203152403.2
035 _a(NLR Aleph) 009679513
090 _a9696372
_c9696372
100 _a19990315d1800 u y0rusy50 ca
101 0 _arus
102 _aRU
200 1 _aИсточник здравия, или Словарь всех употребительных снедей, приправ и напитков, из трех царств природы извлекаемых,
_eС подробным описанием их лекарственных сил и полезных или вредных действий в теле человеческом, смотря по различным темпераментам или сложениям онаго,
_eС присовокуплением многих полезнейших и новейших открытий, касательно сохранение [!] здоровья и врачевания болезней как внутренних, так и наружных.
_fИзвлек из лучших и новейших медико-физических сочинений и в пользу пекущихся о здравии своем особ издал Пан[кратий] Сум[ароков]
210 _aМ.
_cУнив. тип., у Ридигера и Клаудия
_d1800
215 _a[3], 260 с.
_d
305 _aКн. неоднократно переиздавалась в XIX в.
316 _aВ экз. РНБ вклеено 80 с. рукоп. текста, напис. почерком 18 в. под загл.: Реэстр сей книге в домоводном ползовании человеческих припадков из новейших медикофизических сочинений по которому для ближайшаго руководства по имянованию болезней в трех частях. Надлежит находить ползу
_5139/1083
321 _aСК XVIII 7068
517 1 _aСловарь всех употребительных снедей, приправ и напитков, из трех царств природы извлекаемых,
620 _dМосква
700 1 _6z01790
_aСумароков
_bП.П.
_f1765-1814
_gПанкратий Платонович
_4070
702 1 _aРидигер
_bХ.
_gХристиан
_4610
702 1 _aКлаудий
_bХ.А.
_f-1805
_gХристофор Александрович
_4610
712 0 2 _aМосковский университет
_bТипография
_4610
790 1 _6z01700
_aСум.
_bП.
_gПан.
801 0 _aRU
_bNLR
_c19990315
852 _aNLR
_j17.125.4.14
852 _aNLR
_j17.125.4.14а
852 _aNLR
_j139/1083
899 _aРГБ
899 _aБАН
899 _aГМУ "Архангельское"
899 _aКостОУНБ
899 _aМГУ
899 _aГПИБ
899 _aДГПБ
899 _aПГОКМ
899 _aНБЛ КГУ
942 _cBOOK
980 _aNB
980 _aA1XVIIIv